Municipalities of Abra (Province of the Philippines) - Statistics

General Stats
  • This quiz has been taken 25 times
  • The average score is 17 of 27
Answer Stats
Hint Answer % Correct
A capital of Bolivia. La Paz
95%
The Capitalof the Province Bangued
89%
Licuan-Baay
79%
Also has the same name as amunicipality in Bataan. Pilar
79%
Has a funny name thatsounds like Baguio
with a man but the starting letter is D.
Daguioman
74%
Spanish name "Saint John" San Juan
74%
A plant/sugar Tubo
74%
The most increased(population)
growth in 2015-2020
Boliney
68%
A character in a movie,or the sister of the main character. Dolores
68%
It means "storage" in Filipino. Lagayan
68%
Also has the same nameas a municipality in Pangasinan San Quintin
68%
The most declined(population) growth
in 2015-2020
Bucloc
63%
Least densely populated in the province Tineg
63%
Bucay
58%
Danglas
58%
Lagangilang
58%
Malibcong
58%
Manabo
58%
San Isidro
58%
Villaviciosa
58%
Lacub
53%
Langiden
53%
The smallest municipalityin the province (land area) Penarrubia
53%
Pidigan
53%
Sallapadan
53%
Tayum
53%
A city in Equatorial Guinea. Luba
42%
No matching quizzes found
Score Distribution
Percent of People with Each Score
Percentile by Number Answered
Your Score History
You have not taken this quiz